Introducing computers,concepts,systems.

Bibliographic Details
Format: Book

MARC

LEADER 00000cam a2200000 7i4500
001 0000008074
002 000008811
005 20000330.0
020 |a 047113603 
090 0 0 |a 004   |b BLI 
245 1 0 |a Introducing computers,concepts,systems. 
999 |a 042059   |b BUKU   |c PINJAMAN   |e PERPUSTAKAAN KOMUNITI PETALING JAYA